Puratattva: bulletin of the Indian archeological society, No.38 (Record no. 17399)

MARC details
000 -LEADER
fixed length control field 00525nam a2200157Ia 4500
003 - CONTROL NUMBER IDENTIFIER
control field IN-BaIIA
008 - FIXED-LENGTH DATA ELEMENTS--GENERAL INFORMATION
fixed length control field 211028s9999 xx 000 0 eng d
040 ## - CATALOGING SOURCE
Transcribing agency IIA Library
080 ## - UNIVERSAL DECIMAL CLASSIFICATION NUMBER
Universal Decimal Classification number 902(540)(55)
Item number PUR-38
245 #0 - TITLE STATEMENT
Title Puratattva: bulletin of the Indian archeological society, No.38
Statement of responsibility, etc. edited by K. N. Dikshit
260 ## - PUBLICATION, DISTRIBUTION, ETC.
Place of publication, distribution, etc. New Delhi
Name of publisher, distributor, etc. Indian Archeological Society
Date of publication, distribution, etc. 2008
300 ## - PHYSICAL DESCRIPTION
Extent xv, 289p.
650 ## - SUBJECT ADDED ENTRY--TOPICAL TERM
Topical term or geographic name entry element Puratattva
9 (RLIN) 32834
700 ## - ADDED ENTRY--PERSONAL NAME
Personal name Dikshit, K. N., ed.
9 (RLIN) 32835
942 ## - ADDED ENTRY ELEMENTS (KOHA)
Koha item type Books
Holdings
Withdrawn status Lost status Damaged status Not for loan Home library Current library Shelving location Date acquired Source of acquisition Cost, normal purchase price Total Checkouts Full call number Barcode Date last seen Cost, replacement price Price effective from Koha item type Purchase Price
        IIA Library-Bangalore IIA Library-Bangalore General Stacks 27/07/2009 BSS 9425.63   902(540)(55)/ PUR-38 18321 05/11/2021 9425.63 27/07/2009 Books Rs. 9425.63

Powered by Koha